International human resource management: (Record no. 222399)
[ view plain ]
| 000 -LEADER | |
|---|---|
| fixed length control field | 00925nam a2200253Ia 4500 |
| 003 - CONTROL NUMBER IDENTIFIER | |
| control field | OSt |
| 005 - DATE AND TIME OF LATEST TRANSACTION | |
| control field | 20220516103031.0 |
| 008 - FIXED-LENGTH DATA ELEMENTS--GENERAL INFORMATION | |
| fixed length control field | 210719s2020 xx 000 0 und d |
| 020 ## - INTERNATIONAL STANDARD BOOK NUMBER | |
| International Standard Book Number | 978-1-138-34429-7 |
| 040 ## - CATALOGING SOURCE | |
| Transcribing agency | AIMIT LIBRARY |
| 041 ## - LANGUAGE CODE | |
| Language code of text/sound track or separate title | eng |
| 082 ## - DEWEY DECIMAL CLASSIFICATION NUMBER | |
| Classification number | 658.303 |
| Item number | TARI |
| 100 ## - MAIN ENTRY--PERSONAL NAME | |
| Personal name | Tarique, Ibraiz. |
| 9 (RLIN) | 29595 |
| 245 ## - TITLE STATEMENT | |
| Title | International human resource management: |
| Remainder of title | policies and practices for multinational enterprises / |
| Statement of responsibility, etc. | By Ibraiz Tarique,Dennis Briscoe and Randall Schuler. |
| 250 ## - EDITION STATEMENT | |
| Edition statement | 5th ed. |
| 260 ## - PUBLICATION, DISTRIBUTION, ETC. | |
| Place of publication, distribution, etc. | New York : |
| Name of publisher, distributor, etc. | Routledge , |
| Date of publication, distribution, etc. | 2022 |
| 300 ## - PHYSICAL DESCRIPTION | |
| Extent | xxii,524p. ; |
| Other physical details | PB |
| Dimensions | 25.5 cm. |
| 650 ## - SUBJECT ADDED ENTRY--TOPICAL TERM | |
| Topical term or geographic name entry element | Management. |
| 9 (RLIN) | 29596 |
| 650 ## - SUBJECT ADDED ENTRY--TOPICAL TERM | |
| Topical term or geographic name entry element | Personnel Management |
| 9 (RLIN) | 29597 |
| 700 ## - ADDED ENTRY--PERSONAL NAME | |
| Personal name | Briscoe, Dennis. |
| 9 (RLIN) | 29598 |
| 700 ## - ADDED ENTRY--PERSONAL NAME | |
| Personal name | Schuler, Randall. |
| 9 (RLIN) | 29599 |
| 906 ## - LOCAL DATA ELEMENT F, LDF (RLIN) | |
| a | 5 ; Ed ; enterprises ; for ; human ; International ; management: ; multinational ; policies ; practices ; resource |
| 942 ## - ADDED ENTRY ELEMENTS (KOHA) | |
| Source of classification or shelving scheme | Dewey Decimal Classification |
| Koha item type | Book |
| Edition | 5th |
| Call number prefix | 658.303 TARI |
| Withdrawn status | Lost status | Source of classification or shelving scheme | Damaged status | Not for loan | Collection code | Home library | Current library | Date acquired | Source of acquisition | Cost, normal purchase price | Inventory number | Total Checkouts | Full call number | Barcode | Date last seen | Cost, replacement price | Price effective from | Koha item type |
|---|---|---|---|---|---|---|---|---|---|---|---|---|---|---|---|---|---|---|
| Dewey Decimal Classification | MBA | St Aloysius Institute of Management & Information Technology | St Aloysius Institute of Management & Information Technology | 03/24/2022 | Biblios Book Point | 1795.00 | Bill no:6621 dated:2022.03.2022 | 658.303 TARI | MBA14356 | 05/23/2026 | 1436.00 | 04/12/2022 | Book |